| 000 | 00366nam a2200133Ia 4500 | ||
|---|---|---|---|
| 005 | 20260326100038.0 | ||
| 008 | 260326s9999||||xx |||||||||||||| ||und|| | ||
| 100 | _aDe Montigny, GrandJean | ||
| 245 | 0 |
_aFragments D' Architecture antique / _cGrandJean De Montigny |
|
| 260 | _bThe Pencil Print Press | ||
| 300 | _a207 p. | ||
| 650 | _aARQUITECTURA GRIEGA | ||
| 942 | _cBK | ||
| 999 |
_c6874 _d6874 |
||